000
00200 a2200097 4500
001
10109
100
_a
Gunther, J
245
_a
British constitution
260
_a
_b
Cambridge
_c
090
_c
7860
_d
7860
942
_a
NUST-CAE
_c
M
_c
34556
999
_c
245182
_d
245182